<?xml version="1.0" encoding="UTF-8"?>
<record
    xmlns:xsi="http://www.w3.org/2001/XMLSchema-instance"
    xsi:schemaLocation="http://www.loc.gov/MARC21/slim http://www.loc.gov/standards/marcxml/schema/MARC21slim.xsd"
    xmlns="http://www.loc.gov/MARC21/slim">

  <leader>01364nam a22002537a 4500</leader>
  <controlfield tag="003">DO-SdBNP</controlfield>
  <controlfield tag="005">20260508134417.0</controlfield>
  <controlfield tag="007">ta</controlfield>
  <controlfield tag="008">210420b2020    dr ||||| |||| 00| 0 spa d</controlfield>
  <datafield tag="020" ind1=" " ind2=" ">
    <subfield code="a">9789945617689</subfield>
  </datafield>
  <datafield tag="040" ind1=" " ind2="4">
    <subfield code="a">DO-SdBNP</subfield>
    <subfield code="b">spa</subfield>
    <subfield code="c">BNPHU</subfield>
    <subfield code="e">rda</subfield>
  </datafield>
  <datafield tag="082" ind1=" " ind2="4">
    <subfield code="a">248.4</subfield>
    <subfield code="b">C352m</subfield>
    <subfield code="2">22</subfield>
  </datafield>
  <datafield tag="100" ind1="1" ind2=" ">
    <subfield code="a">Castillo, W.H</subfield>
    <subfield code="9">78446</subfield>
  </datafield>
  <datafield tag="245" ind1="1" ind2="0">
    <subfield code="a">Mi nueva relaci&#xF3;n con Jesucristo :  </subfield>
    <subfield code="b">disfrutando las riquezas de una relaci&#xF3;n  restauradora por fe y vivida por gracia /</subfield>
    <subfield code="c">W.H. Castillo</subfield>
  </datafield>
  <datafield tag="264" ind1=" " ind2=" ">
    <subfield code="a">Santo Domingo :</subfield>
    <subfield code="b">Santuario,</subfield>
    <subfield code="c">2020.</subfield>
  </datafield>
  <datafield tag="300" ind1=" " ind2=" ">
    <subfield code="a">152 p. ;</subfield>
    <subfield code="c">24 cm.</subfield>
  </datafield>
  <datafield tag="336" ind1=" " ind2=" ">
    <subfield code="2">rdacontent</subfield>
    <subfield code="a">texto</subfield>
    <subfield code="b">txt</subfield>
  </datafield>
  <datafield tag="505" ind1="0" ind2=" ">
    <subfield code="a">Agradecimiento --</subfield>
    <subfield code="t">Dedicatoria --</subfield>
    <subfield code="t">Introducci&#xF3;n --</subfield>
    <subfield code="g">Capitulo 1.</subfield>
    <subfield code="t">Creados para vivir en comuni&#xF3;n con Dios --</subfield>
    <subfield code="g">Capitulo 2.</subfield>
    <subfield code="t">Relaci&#xF3;n quebrantada por el pegado  --</subfield>
    <subfield code="g">Capaitulo 3.</subfield>
    <subfield code="t">El arependimiento. La puerta de entrada a una nueva relaci&#xF3;n con Jesucristo --</subfield>
    <subfield code="g">Capitulo 4.</subfield>
    <subfield code="t">Una nueva posici&#xF3;n en mi nueva relaci&#xF3;n --</subfield>
    <subfield code="g">Capitulo 5.</subfield>
    <subfield code="t">Beneficios de mi nueva relaci&#xF3;n con Jesucristo --</subfield>
    <subfield code="g">Capitulo 6.</subfield>
    <subfield code="t">Prfundizando en mi nueva relaci&#xF3;n con Jesucristo --</subfield>
    <subfield code="g">Capitulo 7. </subfield>
    <subfield code="t">Disfrutando de mi nueva relaci&#xF3;n con Jesucristo -- </subfield>
    <subfield code="t">Quiero ser amigo de Dios --</subfield>
    <subfield code="t">Conclusi&#xF3;n --</subfield>
    <subfield code="t">Notas.</subfield>
  </datafield>
  <datafield tag="590" ind1=" " ind2=" ">
    <subfield code="a">Inventariado, 2021 / SA</subfield>
  </datafield>
  <datafield tag="650" ind1=" " ind2="0">
    <subfield code="a">Fe</subfield>
    <subfield code="9">1024</subfield>
  </datafield>
  <datafield tag="650" ind1=" " ind2="0">
    <subfield code="a">Vida cristiana</subfield>
    <subfield code="9">668</subfield>
  </datafield>
  <datafield tag="910" ind1=" " ind2=" ">
    <subfield code="a">Saquino/Validado. Control de calidad MFF</subfield>
  </datafield>
  <datafield tag="942" ind1=" " ind2=" ">
    <subfield code="2">ddc</subfield>
    <subfield code="c">LBS1</subfield>
  </datafield>
  <datafield tag="952" ind1=" " ind2=" ">
    <subfield code="0">0</subfield>
    <subfield code="1">0</subfield>
    <subfield code="2">ddc</subfield>
    <subfield code="5">1</subfield>
    <subfield code="7">0</subfield>
    <subfield code="8">PD</subfield>
    <subfield code="a">BNPHU</subfield>
    <subfield code="b">BNPHU</subfield>
    <subfield code="c">HD</subfield>
    <subfield code="d">2021-04-20</subfield>
    <subfield code="e">Dep&#xF3;sito Legal</subfield>
    <subfield code="o">BNPHU PD  248.4  C352m </subfield>
    <subfield code="p">2021-1529</subfield>
    <subfield code="r">2021-04-20</subfield>
    <subfield code="w">2021-04-20</subfield>
    <subfield code="y">LBS1</subfield>
  </datafield>
  <datafield tag="952" ind1=" " ind2=" ">
    <subfield code="0">0</subfield>
    <subfield code="1">0</subfield>
    <subfield code="2">ddc</subfield>
    <subfield code="5">1</subfield>
    <subfield code="7">0</subfield>
    <subfield code="8">PD</subfield>
    <subfield code="a">BNPHU</subfield>
    <subfield code="b">BNPHU</subfield>
    <subfield code="c">HD</subfield>
    <subfield code="d">2021-04-20</subfield>
    <subfield code="e">Dep&#xF3;sito Legal</subfield>
    <subfield code="o">BNPHU PD  248.4 C352m </subfield>
    <subfield code="p">2021-1530</subfield>
    <subfield code="r">2021-04-20</subfield>
    <subfield code="t">e.2</subfield>
    <subfield code="w">2021-04-20</subfield>
    <subfield code="y">LBS1</subfield>
  </datafield>
  <datafield tag="952" ind1=" " ind2=" ">
    <subfield code="0">0</subfield>
    <subfield code="1">0</subfield>
    <subfield code="2">ddc</subfield>
    <subfield code="5">6</subfield>
    <subfield code="7">0</subfield>
    <subfield code="8">DS</subfield>
    <subfield code="a">BNPHU</subfield>
    <subfield code="b">BNPHU</subfield>
    <subfield code="c">HD</subfield>
    <subfield code="d">2021-04-20</subfield>
    <subfield code="e">Dep&#xF3;sito Legal</subfield>
    <subfield code="o">BNPHU DS 248.4 C352m </subfield>
    <subfield code="p">2021-1531</subfield>
    <subfield code="r">2021-04-20</subfield>
    <subfield code="t">e.3</subfield>
    <subfield code="w">2021-04-20</subfield>
    <subfield code="y">LBS1</subfield>
  </datafield>
  <datafield tag="999" ind1=" " ind2=" ">
    <subfield code="c">49765</subfield>
    <subfield code="d">49765</subfield>
  </datafield>
</record>
